The importance of geodetic infrastructure (Record no. 116221)
[ view plain ]
| 000 -LEADER | |
|---|---|
| fixed length control field | 01082cad a22002535a 4500 |
| 001 - CONTROL NUMBER | |
| control field | L160106 |
| 008 - FIXED-LENGTH DATA ELEMENTS--GENERAL INFORMATION | |
| fixed length control field | 100611s2009 xxk f 000 0 eng d |
| 035 ## - SYSTEM CONTROL NUMBER | |
| System control number | (Sirsi) u160106 |
| 041 0# - LANGUAGE CODE | |
| Language code of text/sound track or separate title | eng |
| 110 2# - MAIN ENTRY--CORPORATE NAME | |
| Corporate name or jurisdiction name as entry element | Federation International Des Geometres |
| 111 2# - MAIN ENTRY--MEETING NAME | |
| Meeting name or jurisdiction name as entry element | FIG Regional Conference |
| Number [OBSOLETE] | Hanoi, Vietnam |
| Date of meeting or treaty signing | 19-22 October 2009 |
| 245 04 - TITLE STATEMENT | |
| Title | The importance of geodetic infrastructure |
| Medium | [electronic resource] |
| 260 ## - PUBLICATION, DISTRIBUTION, ETC. | |
| Place of publication, distribution, etc. | Hanoi |
| Name of publisher, distributor, etc. | FIG |
| Date of publication, distribution, etc. | 2009 |
| 520 ## - SUMMARY, ETC. | |
| Summary, etc. | Describes the multi-faceted nature of the ground and space infrastructure required for the geodetic technologies and reaffirms the value of the geodesy for not only traditional tasks such as surveying and mapping, but also the contributions being made to the geosciences. |
| 521 ## - TARGET AUDIENCE NOTE | |
| Target audience note | Advanced |
| 590 ## - LOCAL NOTE (RLIN) | |
| Local note | KA |
| 650 24 - SUBJECT ADDED ENTRY--TOPICAL TERM | |
| Topical term or geographic name entry element | GEODESY |
| 650 24 - SUBJECT ADDED ENTRY--TOPICAL TERM | |
| Topical term or geographic name entry element | INFRASTRUCTURE |
| 9 (RLIN) | 6246 |
| 651 #4 - SUBJECT ADDED ENTRY--GEOGRAPHIC NAME | |
| Geographic name | International |
| 690 ## - LOCAL SUBJECT ADDED ENTRY--TOPICAL TERM (OCLC, RLIN) | |
| Topical term or geographic name as entry element | Land use |
| 9 (RLIN) | 6251 |
| 700 1# - ADDED ENTRY--PERSONAL NAME | |
| Personal name | Rizos, Chris |
| 856 40 - ELECTRONIC LOCATION AND ACCESS | |
| Uniform Resource Identifier | <a href="https://www.rics.org/Global/Downloads/The_Importance_of_Geodetic_Infrastructure.pdf">https://www.rics.org/Global/Downloads/The_Importance_of_Geodetic_Infrastructure.pdf</a> |
| Public note | View the presentation free of charge at www.rics.org |
| 942 ## - ADDED ENTRY ELEMENTS (KOHA) | |
| Suppress in OPAC | 0 |
| Withdrawn status | Lost status | Source of classification or shelving scheme | Damaged status | Not for loan | Home library | Current library | Shelving location | Date acquired | Total Checkouts | Full call number | Barcode | Date last seen | Copy number | Price effective from | Koha item type |
|---|---|---|---|---|---|---|---|---|---|---|---|---|---|---|---|
| Dewey Decimal Classification | Virtual | Virtual | Online | 24/05/2018 | ONLINE PUBLICATION | 160106-2001 | 06/08/2019 | 1 | 06/08/2019 | Book |